000 00512nam a2200193Ia 4500
005 20260120130652.0
008 008 260114s9999 xx 000 0 eng d
020 _a9780199854370
037 _aEBOOK
040 _aCRL
_beng
_cCRL
041 _aeng
_2eng
084 _qCRL
100 _aHsü
_9917786
245 0 _aChina without mao
260 _bOxford University PressOxford University Press
_c2011
856 _uhttps://academic.oup.com/book/25557
942 _cEBOOK
999 _c1509691
_d1509691